000 00625nam a22002052 4500
001 0000009758
005 20151217155843.0
008 081126s xx 000 0 eng d
040 _aKABU
_cKABU
100 1 _aBrown, G. Gordon.
_@0000161522
245 1 0 _aAnthropology in action /
_cG. Gordon Brown and A. McD. Bruce Hutt.
250 _a1st ed.
260 _aLondon :
_bO. U. P.,
_c1935.
300 _axviii, 272 p.
650 0 _aHehe (African people)
_@0000161523
650 0 _aEthnology
_zTanzania.
_@0000161286
852 1 _9p200 KES
908 _a081126
950 _@1
999 _c13276
_d13276